00532 2200205 4500001002100000005001500021008004100036020002200077035001900099041000700118082001000125090001600135100002000151245005000171250000600221260004400227300003100271500000600302650001800308INLIS00000000000611820241224113230241224||||||||| | ||| |||| || |  a978-979-678-428-8 0010-1224006118 aid0 a398.2 a398.2 MAY k0 aMaya Rohmayanti00aKumpulan Cerita Rakyat Di Provinsi Jawa Barat a1 aBandungbSarana Panca Karya Nusa.c2014 avi,54 hlm ,: ilus .; 24 cm a1 0aCerita Rakyat